Historia de Colombia contemporanea / (Registro nro. 30823)

Detalles MARC
000 -LEADER
fixed length control field 00794cam a2200241 a 4500
003 - CONTROL NUMBER IDENTIFIER
control field OSt
005 - DATE AND TIME OF LATEST TRANSACTION
control field 20250616113515.0
008 - FIXED-LENGTH DATA ELEMENTS--GENERAL INFORMATION
fixed length control field 171120s2011 ck r 000 0 spa d
020 ## - INTERNATIONAL STANDARD BOOK NUMBER
International Standard Book Number 9789586955614
040 ## - CATALOGING SOURCE
Language of cataloging spa
Transcribing agency CO-JMCR
041 0# - LANGUAGE CODE
Language code of text/sound track or separate title spa
082 04 - DEWEY DECIMAL CLASSIFICATION NUMBER
Classification number 986.1063
Edition number 23
Item number A69h
100 1# - MAIN ENTRY--PERSONAL NAME
Personal name Arias Trujillo, Ricardo,
9 (RLIN) 72084
245 1# - TITLE STATEMENT
Title Historia de Colombia contemporanea /
Statement of responsibility, etc. Ricardo Arias Trujillo
260 ## - PUBLICATION, DISTRIBUTION, ETC.
Place of publication, distribution, etc. Bogot (̀Colombia)
Name of publisher, distributor, etc. Universidad de los Andes
Date of publication, distribution, etc. 2011
300 ## - PHYSICAL DESCRIPTION
Extent 200 pg̀inas
490 0# - SERIES STATEMENT
Series statement Colección̤ ciclo básico
650 17 - SUBJECT ADDED ENTRY--TOPICAL TERM
Topical term or geographic name entry element Violencia
General subdivision Historia
Geographic subdivision Colombia
9 (RLIN) 8227
651 #4 - SUBJECT ADDED ENTRY--GEOGRAPHIC NAME
Geographic name Colombia
General subdivision Historia
Chronological subdivision 1920-2010
9 (RLIN) 89181
651 #4 - SUBJECT ADDED ENTRY--GEOGRAPHIC NAME
Geographic name Colombia
General subdivision Política y gobierno
-- Historia
Chronological subdivision 1920-2010
9 (RLIN) 89182
651 #4 - SUBJECT ADDED ENTRY--GEOGRAPHIC NAME
Geographic name Colombia
General subdivision Derecho constitucional
9 (RLIN) 30641
942 ## - ADDED ENTRY ELEMENTS (KOHA)
Source of classification or shelving scheme
Koha item type Books
Existencias
Withdrawn status Lost status Source of classification or shelving scheme Damaged status Not for loan Home library Current library Date acquired Total Checkouts Full call number Barcode Date last seen Date last checked out Copy number Price effective from Koha item type
    Dewey Decimal Classification     Biblioteca Pública José María del Castillo y Rada Biblioteca Pública José María del Castillo y Rada 07/31/2024 1 986.1063 A69h 201812497 07/04/2025 07/03/2025 Ej.1 08/27/2024 Books